Η πληροφορία : η ιστορία, η θεωρία, ο χείμαρος
Αποθηκεύτηκε σε:
| Κύριος συγγραφέας: | |
|---|---|
| Μορφή: | Βιβλίο |
| Γλώσσα: | Greek English |
| Δημοσίευση: |
Αθήνα :
Τραυλός,
2011.
|
| Θέματα: | |
| Ετικέτες: |
Προσθήκη ετικέτας
Δεν υπάρχουν, Καταχωρήστε ετικέτα πρώτοι!
|
MARC
| LEADER | 00000cam a2200000 a 4500 | ||
|---|---|---|---|
| 001 | 1/109688 | ||
| 008 | 160122s2011####gr | ||| |||||||gre|| | ||
| 020 | |a 9789606640759 | ||
| 040 | |a GR-MyUa |b gre |c GR-MyUa |e AACR2 | ||
| 041 | 1 | |a gre |h eng | |
| 082 | 7 | |a 501 |2 (23) | |
| 082 | 7 | |a 020.9 |2 (23) | |
| 100 | 1 | |a Gleick, James. | |
| 245 | 1 | 2 | |a Η πληροφορία : |b η ιστορία, η θεωρία, ο χείμαρος / |c James Gleick ; μετάφραση Γιώργος Κυριακόπουλος, επιστημονική επιμέλεια Θεοφάνης Γραμμένος. |
| 260 | |a Αθήνα : |b Τραυλός, |c 2011. | ||
| 300 | |a 749 σ. ; |c 21 εκ. | ||
| 500 | |a Μετάφραση του: The information: a history, a theory, a flood. | ||
| 504 | |a Περιλαμβάνει σημειώσεις και ευρετήριο. | ||
| 650 | 0 | |a Information technology |x History. | |
| 650 | 0 | |a Information theory |x History. | |
| 852 | |a INST |b LESVOS |c EUDOXUS |e 20160122 |h 501 GLE |p 005100057746 |q 005100057746 |t EDX |y 0 | ||
| 852 | |a INST |b SAMOS |c EUDOXUS |e 20170201 |h 020.9 GLE |p 005300044275 |q 005300044275 |t EDX |y 0 | ||
| 920 | |a Εύδοξος |b Παραγγελία |y Λέσβος-ΤΠΤΕ |z 2016-01 | ||
| 920 | |a Εύδοξος |b Παραγγελία |y Σάμος |z 2017-01 | ||
| 970 | |a Τζαφέρη |b Ευαγγελία |z 22-01-2016 | ||